000 00916nam a2200289 i 4500
003 EG-GICUC
005 20260223111733.0
008 260223s1950 -uK ||fr|||| 001 0 eng d
040 _aEG-GiCUC
_beng
_cEG-GiCUC
_dEG-GiCUC
_erda
041 0 _aeng
082 0 4 _221
_a341.71042
_bCO . B
092 0 4 _221
099 _aLaw1 11 341.71042 CO . B 1950
100 1 _aCole, G. D. H
_eAuthor.
245 1 0 _aBritish Working Class Politics 1832-1914 /
_cG. D. H. Cole.
264 1 _aLondon :
_bRoutledge & Kegan Paul,
_c1950.
300 _a320 pages,
_c24 cm.
336 _2rda content
_atext
337 _2rda media
_aComputer
338 _2rda carrier
_aOnline Resource
504 _aIncludes bibliographical references and index.
546 _aText in English
650 1 4 _aPublic international law
856 4 0 _uhttps://fll.law.cu.edu.eg/fulltext/bks/B11-08424.pdf
905 _a48
942 _2ddc
_cBK
_e21
_n0
999 _c64048
_d64048